Pitfalls in cervical spine surgery : avoidance and management of complications /

Bibliographic Details
Corporate Author: SpringerLink (Online service)
Other Authors: D'Avella, Domenico, Denaro, Luca, Denaro, Vincenzo, 1941-
Format: eBook
Language:English
Published: Berlin ; London : Springer, [2010]
Subjects:
Online Access:Connect to the full text of this electronic book

MARC

Tag First Indicator Second Indicator Subfields
LEADER 00000cam a2200000Ia 4500
001 in00002575809
005 20210727090401.0
006 m d
007 cr cn|
008 100323s2010 gw a s 000 0 eng d
020 |a 3540850198 
020 |a 9783540850199 
035 |a (OCoLC)567139650 
035 |a (OCoLC)ocn567139650 
035 |a 3706706 
037 |a 978-3-540-85018-2  |b Springer  |n http://www.springerlink.com 
040 |a GW5XE  |b eng  |c GW5XE  |d UtOrBLW 
049 |a TXAC 
050 4 |a RD533  |b .P584 2010 
082 0 4 |a 617.53059  |2 22 
245 0 0 |a Pitfalls in cervical spine surgery :  |b avoidance and management of complications /  |c edited by Luca Denaro, Domenico D'Avella, Vincenzo Denaro. 
264 1 |a Berlin ;  |a London :  |b Springer,  |c [2010] 
264 4 |c ©2010 
300 |a pages ;  |c cm. 
336 |a text  |b txt  |2 rdacontent 
337 |a computer  |b c  |2 rdamedia 
338 |a online resource  |b cr  |2 rdacarrier 
500 |a Electronic resource. 
533 |a Electronic reproduction.  |b New York :  |c Springer,  |d 2010.  |n Mode of access: World Wide Web.  |n System requirements: Web browser.  |n Title from title screen (viewed on Feb. 18, 2010).  |n Access may be restricted to users at subscribing institutions. 
650 0 |a Cervical vertebrae  |x Surgery  |x Complications. 
655 7 |a Electronic books.  |2 local 
700 1 |a D'Avella, Domenico.  |0 http://id.loc.gov/authorities/names/n00138306 
700 1 |a Denaro, Luca.  |0 http://id.loc.gov/authorities/names/n2010180883 
700 1 |a Denaro, Vincenzo,  |d 1941-  |0 http://id.loc.gov/authorities/names/n89230033 
710 2 |a SpringerLink (Online service)  |0 http://id.loc.gov/authorities/names/no2005046756 
776 1 |c Original  |z 9783540850182  |z 354085018X  |w (OCoLC)428029804 
856 4 0 |u http://proxy.library.tamu.edu/login?url=https://dx.doi.org/10.1007/978-3-540-85019-9  |z Connect to the full text of this electronic book  |t 0 
994 |a 92  |b TXA 
999 |a MARS 
999 f f |s 9a602c5f-fc6a-39e8-8017-ed3234be97b5  |i 03426b7e-c68b-3324-8c32-f4cba60dd779  |t 0 
952 f f |a Texas A&M University  |b College Station  |c Electronic Resources  |d Available Online  |t 0  |e RD533 .P584 2010  |h Library of Congress classification 
998 f f |a RD533 .P584 2010  |t 0  |l Available Online